| 000 | 00579nam a2200217Ia 4500 | ||
|---|---|---|---|
| 005 | 20240111113214.0 | ||
| 008 | 131103s9999 xx 000 0 und d | ||
| 040 | _aLoreto College | ||
| 041 | _aEnglish | ||
| 082 |
_a327.1(I) _bABB |
||
| 100 | _aAbbas, B. M. | ||
| 245 | 4 |
_aThe Ganges water dispute _cB. M. Abbas |
|
| 250 | _a2nd ed | ||
| 260 |
_aDhaka _bThe University Press Ltd _c1984 |
||
| 300 |
_a164p _b ill. |
||
| 504 | _aInclude indes | ||
| 650 | _aIndia - Foreign Policy | ||
| 651 | _aIndia-Bangladesh - International Relations | ||
| 850 | _aLCLIB | ||
| 942 | _cBK | ||
| 999 |
_c17316 _d67795 |
||